La cuestión irresoluble de Cachemira (notice n° 1516894)
[ vue normale ]
| 000 -LEADER | |
|---|---|
| fixed length control field | 00769cam a2200157 4500500 |
| 005 - DATE AND TIME OF LATEST TRANSACTION | |
| control field | 20251012005151.0 |
| 041 ## - LANGUAGE CODE | |
| Language code of text/sound track or separate title | fre |
| 042 ## - AUTHENTICATION CODE | |
| Authentication code | dc |
| 100 10 - MAIN ENTRY--PERSONAL NAME | |
| Personal name | Racine, Jean-Luc |
| Relator term | author |
| 245 00 - TITLE STATEMENT | |
| Title | La cuestión irresoluble de Cachemira |
| 260 ## - PUBLICATION, DISTRIBUTION, ETC. | |
| Date of publication, distribution, etc. | 2025.<br/> |
| 500 ## - GENERAL NOTE | |
| General note | 73 |
| 520 ## - SUMMARY, ETC. | |
| Summary, etc. | La Cachemira india ha sido objeto de disputa con Pakistán desde la partición en 1947. En abril de 2025, un nuevo conflicto militar condujo a la suspensión del Tratado del Indo, que abastece de agua a Pakistán, y a una guerra de desinformación. A pesar del alto el fuego, la herida sigue abierta. |
| 786 0# - DATA SOURCE ENTRY | |
| Note | Esprit | Juillet-Août | 7-8 | 2025-07-02 | p. 14-18 | 0014-0759 |
| 856 41 - ELECTRONIC LOCATION AND ACCESS | |
| Uniform Resource Identifier | <a href="https://shs.cairn.info/revista-esprit-2025-7-8-page-14?lang=es&redirect-ssocas=7080">https://shs.cairn.info/revista-esprit-2025-7-8-page-14?lang=es&redirect-ssocas=7080</a> |
Pas d'exemplaire disponible.




Réseaux sociaux